[Event "FRA-chT2 9495"]
[Site "France"]
[Date "1994.??.??"]
[Round "?"]
[White "Kesmaecker, Philippe"]
[Black "Stromer, Alexander"]
[Result "1-0"]
[WhiteElo "2200"]
[BlackElo "2250"]
[PlyCount "111"]
[EventDate "1994.??.??"]
[EventType "team"]
[EventRounds "11"]
[EventCountry "FRA"]
[SourceTitle "EXT 2008"]
[Source "ChessBase"]
[SourceDate "2007.11.25"]
[SourceVersion "1"]
[SourceVersionDate "2007.11.25"]
[SourceQuality "1"]

1. d4 d5 2. Nf3 Bf5 3. c4 e6 4. Nc3 c6 5. Qb3 Qb6 6. c5 Qc7 7. Bf4 Qc8 8. e3 Nd7 9. Be2 Be7 10. 0-0 Ngf6 11. h3 h6 12. Nd2 0-0 13. Qd1 Bd8 14. b4 Bc7 15. Nf3 Ne4 16. Nxe4 dxe4 17. Ne5 Rd8 18. Nc4 e5 19. Bg3 Qb8 20. Qc2 Bg6 21. Rad1 exd4 22. Rxd4 Bxg3 23. fxg3 Nf6 24. Nd6 Nd5 25. Qd2 Rxd6 26. cxd6 Qxd6 27. Bc4 Rd8 28. Qf2 Qe7 29. Rfd1 Rd6 30. Bxd5 cxd5 31. a3 Rf6 32. Qe1 Ra6 33. Qc3 Rc6 34. Qb3 Qe5 35. Kh2 Bh5 36. Rxd5 Bxd1 37. Qxd1 Qb2 38. Rd8+ Kh7 39. Qd5 Qxa3 40. Qxe4+ Rg6 41. h4 h5 42. g4 Qc1 43. Rd5 Kg8 44. Qe8+ Kh7 45. Rxh5+ Rh6 46. Qxf7 Qxe3 47. Rxh6+ Qxh6 48. Qh5 a6 49. Qxh6+ Kxh6 50. Kg1 Kg6 51. Kf2 Kf6 52. Ke3 Ke5 53. g3 b6 54. h5 a5 55. bxa5 bxa5 56. g5 1-0

[Event "FRA-chT"]
[Site "France"]
[Date "1991.??.??"]
[Round "?"]
[White "Kesmaecker, Philippe"]
[Black "Papacek, Stepan"]
[Result "1-0"]
[WhiteElo "2220"]
[BlackElo "2325"]
[PlyCount "85"]
[EventDate "1991.??.??"]
[EventType "team"]
[EventRounds "12"]
[EventCountry "FRA"]
[SourceTitle "TD"]
[Source "ChessBase"]
[SourceDate "1994.03.01"]
[SourceVersion "1"]
[SourceVersionDate "1994.03.01"]
[SourceQuality "1"]

1. Nf3 d6 2. d4 Nf6 3. c4 Nbd7 4. Nc3 c6 5. e4 e5 6. d5 Be7 7. Bd3 0-0 8. h3 a6 9. Be3 cxd5 10. cxd5 b5 11. a4 b4 12. Ne2 a5 13. Ng3 g6 14. Nd2 Ne8 15. Nc4 Bg5 16. Qd2 Bxe3 17. Qxe3 Ba6 18. 0-0 Nc5 19. f4 Nxd3 20. Qxd3 Rc8 21. Rac1 f6 22. b3 Ng7 23. fxe5 fxe5 24. Rxf8+ Qxf8 25. Nf1 Nh5 26. Nfe3 Ng3 27. Nf1 Qh6 28. Rc2 Nh5 29. Nfe3 Rf8 30. Qd1 Nf4 31. Kh2 Qg5 32. Qg4 Qd8 33. g3 Bc8 34. Qh4 g5 35. Qh6 Ng6 36. Kg2 Qf6 37. Qh5 g4 38. Nf5 gxh3+ 39. Kxh3 Ne7 40. Ncxd6 Bd7 41. Kg2 Ng6 42. Rc7 Qd8 43. Qh6 1-0

[Event "Cappelle op 07th"]
[Site "Cappelle la Grande"]
[Date "1991.??.??"]
[Round "?"]
[White "Kesmaecker, Philippe"]
[Black "Wians, Camille"]
[Result "1-0"]
[WhiteElo "2220"]
[BlackElo "2355"]
[PlyCount "61"]
[EventDate "1991.02.??"]
[EventType "swiss"]
[EventRounds "9"]
[EventCountry "FRA"]
[SourceTitle "EXT 1998"]
[Source "ChessBase"]
[SourceDate "1997.11.17"]
[SourceVersion "1"]
[SourceVersionDate "1997.11.17"]
[SourceQuality "1"]

1. d4 Nf6 2. c4 e6 3. g3 c5 4. Nf3 cxd4 5. Nxd4 Nc6 6. Bg2 Qb6 7. Nb5 Bc5 8. 0-0 a6 9. Nd6+ Ke7 10. Nxc8+ Raxc8 11. a3 Rhd8 12. b4 Bxf2+ 13. Rxf2 Ng4 14. c5 Qc7 15. Rf4 Nce5 16. h3 Nf6 17. Be3 d6 18. Kh2 h5 19. Nc3 d5 20. Qc2 Ng6 21. Raf1 h4 22. Kh1 hxg3 23. Rd4 Rh8 24. Bg5 Rh5 25. Rxd5 Rch8 26. Bxf6+ gxf6 27. Rxh5 Rxh5 28. Ne4 f5 29. Nd6 b6 30. Qc3 f4 31. Qg7 1-0